|
|
|
|
| LEADER |
00000nam0a2200000 4500 |
| 001 |
91796 |
| 005 |
20231101213807.0 |
| 010 |
|
|
|a 5726004582
|
| 035 |
|
|
|a (RuTPU)RU\TPU\book\98386
|
| 090 |
|
|
|a 91796
|
| 100 |
|
|
|a 20060301d1990 m y0rusy50 ca
|
| 101 |
0 |
|
|a rus
|
| 102 |
|
|
|a RU
|
| 105 |
|
|
|a y z 000ay
|
| 200 |
1 |
|
|a Обыкновенное чудо
|e сказки и стихи
|f Е. Л. Шварц
|
| 210 |
|
|
|a Москва
|c РИФ
|d 1990
|
| 215 |
|
|
|a 256 с.
|
| 610 |
1 |
|
|a советская литература
|
| 610 |
1 |
|
|a сказки
|
| 610 |
1 |
|
|a стихи
|
| 675 |
|
|
|a Р2
|v 3
|
| 700 |
|
1 |
|a Шварц
|b Е. Л.
|c русский писатель
|c драматург, сказочник
|f 1896-1958
|g Евгений Львович
|2 stltpush
|3 (RuTPU)RU\TPU\pers\17232
|9 6364
|
| 801 |
|
1 |
|a RU
|b 63413507
|c 20060301
|g PSBO
|
| 801 |
|
2 |
|a RU
|b 63413507
|c 20111114
|g RCR
|
| 942 |
|
|
|c BK
|